Statistics for Prefectures of Tohoku Japan (Click Map)

Click here to take the quiz!

General Stats

  • This quiz has been taken 591 times
  • The average score is 4 of 6

Answers on the Map

Answers color-coded by a green-red scale on the quiz's map according to % correct below.
 

Answer Stats

Answer% Correct
Aomori
84%
Iwate
74%
Miyagi
74%
Yamagata
71%
Akita
69%
Fukushima
64%

Score Distribution

Percentile by Number Answered

Percent of People with Each Score

Your Score History

You have not taken this quiz